| 000 | 01156nam a22002537a 4500 | ||
|---|---|---|---|
| 999 |
_c7608 _d7608 |
||
| 001 | 7608 | ||
| 003 | BD-JhCC | ||
| 005 | 20180215100546.0 | ||
| 008 | 171218s20072009bg |||| ||a| 000 0 ben d | ||
| 035 | _a(BD-JhCC)7608 | ||
| 040 |
_aBD-JhCC _dBD-JhCC |
||
| 041 | _aben | ||
| 082 |
_a001 _bISL 2007 |
||
| 100 | _aইসলাম, খোন্দকার হাফিজুল | ||
| 245 |
_aপ্রফেসর’স বিসিএস প্রিলিমিনারী বাংলাদেশ বিষয়াবলী : _b২৯তম বিসিএস ও অন্যান্য নিয়োগ পরীক্ষার জন্য / _cখোন্দকার হাফিজুল ইসলাম, গোলাম কিবরিয়া বিপু এবং আবদুস সবুর |
||
| 260 |
_aঢাকা : _bপ্রফেসর’স প্রকাশন, _c2007. |
||
| 300 |
_a431p. : _c23 cm. |
||
| 650 | _aBangladesh affairs | ||
| 650 | _aGeneral Knowledge | ||
| 700 | _aবিপু, গোলাম কিবরিয়া | ||
| 700 | _aসবুর,আবদুস | ||
| 942 |
_2ddc _cBK |
||